La historia del himno en castellano / (Registro nro. 5245)

Detalles MARC
000 -LEADER
campo de control de longitud fija 08573cam a22010814i 4500
003 - IDENTIFICADOR DE NÚMERO DE CONTROL
campo de control PE-LiUPU
005 - FECHA Y HORA DE LA ÚLTIMA TRANSACCIÓN
campo de control 20250731183331.0
008 - DATOS DE LONGITUD FIJA--INFORMACIÓN GENERAL
campo de control de longitud fija 150617s1987 ag rb 001 0 spa d
035 ## - NÚMERO DE CONTROL DEL SISTEMA
Número de control de sistema (Sirsi) a14735
040 ## - FUENTE DE CATALOGACIÓN
Centro catalogador/agencia de origen PE-LiUPU
Lengua de catalogación spa
Centro/agencia transcriptor PE-LiUPU
Centro/agencia modificador PE-LiUPU
Normas de descripción rda
049 ## - FONDOS LOCALES (OCLC)
Biblioteca depositaria PRUA
082 04 - NÚMERO DE LA CLASIFICACIÓN DECIMAL DEWEY
Número de clasificación 783.09
Cutter M32
Número de edición 21
100 1# - ENTRADA PRINCIPAL--NOMBRE DE PERSONA
Nombre de persona McConnell, Cecilio,
Término indicativo de función/relación autor.
245 13 - MENCIÓN DEL TÍTULO
Título La historia del himno en castellano /
Mención de responsabilidad, etc. Cecilio McConnell.
264 #1 - PRODUCCIÓN, PUBLICACIÓN, DISTRIBUCIÓN, FABRICACIÓN Y COPYRIGHT
Producción, publicación, distribución, fabricación y copyright Buenos Aires :
Nombre del de productor, editor, distribuidor, fabricante Casa Bautista de Publicaciones,
Fecha de producción, publicación, distribución, fabricación o copyright 1987.
300 ## - DESCRIPCIÓN FÍSICA
Extensión 189 páginas ;
Dimensiones 20 centímetros
336 ## - TIPO DE CONTENIDO
Término de tipo de contenido text
Fuente rdacontent
337 ## - TIPO DE MEDIO
Nombre/término del tipo de medio unmediated
Fuente rdamedia
338 ## - TIPO DE SOPORTE
Nombre/término del tipo de soporte volume
Fuente rdacarrier
500 ## - NOTA GENERAL
Nota general Otras ediciones: 1958, 1963.
504 ## - NOTA DE BIBLIOGRAFÍA, ETC.
Nota de bibliografía, etc. Bibliografía: páginas 150-151.
504 ## - NOTA DE BIBLIOGRAFÍA, ETC.
Nota de bibliografía, etc. Índice: páginas 152-186.
505 0# - NOTA DE CONTENIDO CON FORMATO
Nota de contenido con formato Introducción -- El himno en la iglesia primitiva -- El himno en la iglesia medieval -- La reforma y el origen del himno moderno -- La evolución de la música hímnica -- Watts y Wesley y el himno inglés moderno -- La ampliación de temas en los himnos -- El perfeccionamiento de la música hímnica -- La canción evangelística -- Los himnos evangélicos del siglo XIX -- El himno castellano en el siglo XX.
526 ## - NOTA DE INFORMACIÓN SOBRE EL PROGRAMA DE ESTUDIO
Nombre del programa Maestría Bim Facility Management (A distancia)
526 ## - NOTA DE INFORMACIÓN SOBRE EL PROGRAMA DE ESTUDIO
Nombre del programa
526 ## - NOTA DE INFORMACIÓN SOBRE EL PROGRAMA DE ESTUDIO
Nombre del programa Educación musical y artes
526 ## - NOTA DE INFORMACIÓN SOBRE EL PROGRAMA DE ESTUDIO
Nombre del programa Educación, especialidad educación física
526 ## - NOTA DE INFORMACIÓN SOBRE EL PROGRAMA DE ESTUDIO
Nombre del programa Arquitectura
596 ## -
-- 1 2
650 04 - PUNTO DE ACCESO ADICIONAL DE MATERIA--TÉRMINO DE MATERIA
Término de materia o nombre geográfico como elemento de entrada Himnos Evangélicos
Subdivisión general Historia.
650 04 - PUNTO DE ACCESO ADICIONAL DE MATERIA--TÉRMINO DE MATERIA
Término de materia o nombre geográfico como elemento de entrada Himnos religiosos.
9 (RLIN) 3006
910 ## - DATOS DE OPCIÓN DEL USUARIO (OCLC)
Datos de opción del usuario jck
-- jvq
-- jck
-- 20150616
942 ## - ELEMENTOS DE ENTRADA SECUNDARIOS (KOHA)
Fuente del sistema de clasificación o colocación Clasificación Decimal Dewey
Tipo de ítem Koha
949 ## - PROCESAMIENTO DE INFORMACIÓN LOCAL (OCLC)
a 783.09 M32
w DEWEY
c 1
i 04497
l CCODEBUL1
m BUL
p 10.00
r 0
s Y
t BOOK
u 19930720
x EDUCACION
z UNKNOWN
0 COMPRA
o .STAFF. Colección Ciencias Humanas y Educación
949 ## - PROCESAMIENTO DE INFORMACIÓN LOCAL (OCLC)
a 783.09 M32
w DEWEY
c 10
i 34378
l CCODEBUL1
m BUL
p 10.00
r 0
s Y
t BOOK
u 19930720
x EDUCACION
z UNKNOWN
0 COMPRA
o .STAFF. Colección Ciencias Humanas y Educación
949 ## - PROCESAMIENTO DE INFORMACIÓN LOCAL (OCLC)
a 783.09 M32
w DEWEY
c 11
i 34379
l CCODEBUL1
m BUL
p 10.00
r 0
s Y
t BOOK
u 19930720
x EDUCACION
z UNKNOWN
0 COMPRA
o .STAFF. Colección Ciencias Humanas y Educación
949 ## - PROCESAMIENTO DE INFORMACIÓN LOCAL (OCLC)
a 783.09 M32
w DEWEY
c 12
i 34380
l CCODEBUL1
m BUL
p 10.00
r 0
s Y
t BOOK
u 19930720
x EDUCACION
z UNKNOWN
0 COMPRA
o .STAFF. Colección Ciencias Humanas y Educación
949 ## - PROCESAMIENTO DE INFORMACIÓN LOCAL (OCLC)
a 783.09 M32
w DEWEY
c 13
i 34381
l CCODEBUL1
m BUL
p 10.000
r 0
s Y
t BOOK
u 19930720
x EDUCACION
z UNKNOWN
0 COMPRA
o .STAFF. Colección Ciencias Humanas y Educación
949 ## - PROCESAMIENTO DE INFORMACIÓN LOCAL (OCLC)
a 783.09 M32
w DEWEY
c 14
i 34382
l CCODEBUL1
m BUL
p 10.00
r 0
s Y
t BOOK
u 19930720
x EDUCACION
z UNKNOWN
0 COMPRA
o .STAFF. Colección Ciencias Humanas y Educación
949 ## - PROCESAMIENTO DE INFORMACIÓN LOCAL (OCLC)
a 783.09 M32
w DEWEY
c 15
i 04494
l CCODEBUL1
m BUL
p 10.00
r 0
s Y
t BOOK
u 19930720
x EDUCACION
z UNKNOWN
0 COMPRA
o .STAFF. Colección Ciencias Humanas y Educación
949 ## - PROCESAMIENTO DE INFORMACIÓN LOCAL (OCLC)
a 783.09 M32
w DEWEY
c 16
i 04495
l CCODEBUL1
m BUL
p 10.00
r 0
s Y
t BOOK
u 19930720
x EDUCACION
z UNKNOWN
0 COMPRA
o .STAFF. Colección Ciencias Humanas y Educación
949 ## - PROCESAMIENTO DE INFORMACIÓN LOCAL (OCLC)
a 783.09 M32
w DEWEY
c 17
i 04496
l CCODEBUL1
m BUL
p 10.00
r 0
s Y
t BOOK
u 19930720
x EDUCACION
z UNKNOWN
0 COMPRA
o .STAFF. Colección Ciencias Humanas y Educación
949 ## - PROCESAMIENTO DE INFORMACIÓN LOCAL (OCLC)
a 783.09 M32
w DEWEY
c 18
i 04498
l CCODEBUL1
m BUL
p 10.00
r 0
s Y
t BOOK
u 19930720
x EDUCACION
z UNKNOWN
0 COMPRA
o .STAFF. Colección Ciencias Humanas y Educación
949 ## - PROCESAMIENTO DE INFORMACIÓN LOCAL (OCLC)
a 783.09 M32
w DEWEY
c 2
i 04802
l CCODEBUL1
m BUL
p 10.00
r 0
s Y
t BOOK
u 19930720
x EDUCACION
z UNKNOWN
0 COMPRA
o .STAFF. Colección Ciencias Humanas y Educación
949 ## - PROCESAMIENTO DE INFORMACIÓN LOCAL (OCLC)
a 783.09 M32
w DEWEY
c 3
i 04803
l CCODEBUL1
m BUL
p 10.00
r 0
s Y
t BOOK
u 19930720
x EDUCACION
z UNKNOWN
0 COMPRA
o .STAFF. Colección Ciencias Humanas y Educación
949 ## - PROCESAMIENTO DE INFORMACIÓN LOCAL (OCLC)
a 783.09 M32
w DEWEY
c 4
i 34372
l CCODEBUL1
m BUL
p 10.00
r 0
s Y
t BOOK
u 19930720
x EDUCACION
z UNKNOWN
0 COMPRA
o .STAFF. Colección Ciencias Humanas y Educación
949 ## - PROCESAMIENTO DE INFORMACIÓN LOCAL (OCLC)
a 783.09 M32
w DEWEY
c 5
i 34373
l CCODEBUL1
m BUL
p 10.00
r 0
s Y
t BOOK
u 19930720
x EDUCACION
z UNKNOWN
0 COMPRA
o .STAFF. Colección Ciencias Humanas y Educación
949 ## - PROCESAMIENTO DE INFORMACIÓN LOCAL (OCLC)
a 783.09 M32
w DEWEY
c 6
i 34374
l CCODEBUL1
m BUL
p 10.00
r 0
s Y
t BOOK
u 19930720
x EDUCACION
z UNKNOWN
0 COMPRA
o .STAFF. Colección Ciencias Humanas y Educación
949 ## - PROCESAMIENTO DE INFORMACIÓN LOCAL (OCLC)
a 783.09 M32
w DEWEY
c 7
i 34375
l CCODEBUL1
m BUL
p 10.00
r 0
s Y
t BOOK
u 19930720
x EDUCACION
z UNKNOWN
0 COMPRA
o .STAFF. Colección Ciencias Humanas y Educación
949 ## - PROCESAMIENTO DE INFORMACIÓN LOCAL (OCLC)
a 783.09 M32
w DEWEY
c 8
i 34376
l CCODEBUL1
m BUL
p 10.00
r 0
s Y
t BOOK
u 19930720
x EDUCACION
z UNKNOWN
0 COMPRA
o .STAFF. Colección Ciencias Humanas y Educación
949 ## - PROCESAMIENTO DE INFORMACIÓN LOCAL (OCLC)
a 783.09 M32
w DEWEY
c 9
i 34377
l CCODEBUL1
m BUL
p 10.00
r 0
s Y
t BOOK
u 19930720
x EDUCACION
z UNKNOWN
0 COMPRA
o .STAFF. Colección Ciencias Humanas y Educación
994 ## -
-- C0
-- PEPRU
999 ## - NÚMEROS DE CONTROL DE SISTEMA (KOHA)
-- DEWEY
-- 04497
-- ILL
-- BUL
-- 0
-- Y
-- BOOK
-- 2015-6-17
-- EDUCACION
-- UNKNOWN
-- COMPRA
-- .STAFF. Colección General
999 ## - NÚMEROS DE CONTROL DE SISTEMA (KOHA)
-- DEWEY
-- 04802
-- 2017-5-4
-- 2019-12-11
-- 4
-- DISCARD
-- BUL
-- 1
-- 10.00
-- 1
-- 1
-- Y
-- BOOK
-- 2015-6-17
-- UNKNOWN
-- UNKNOWN
-- COMPRA
-- .STAFF. Colección Ciencias Humanas y Educación
999 ## - NÚMEROS DE CONTROL DE SISTEMA (KOHA)
-- DEWEY
-- 04803
-- 2019-12-11
-- 4
-- DISCARD
-- BUL
-- 10.00
-- 1
-- Y
-- BOOK
-- 2015-6-17
-- UNKNOWN
-- UNKNOWN
-- COMPRA
-- .STAFF. Colección Ciencias Humanas y Educación
999 ## - NÚMEROS DE CONTROL DE SISTEMA (KOHA)
-- DEWEY
-- 34372
-- LOST
-- BUL
-- 1
-- Y
-- BOOK
-- 2015-6-17
-- EDUCACION
-- UNKNOWN
-- COMPRA
-- .STAFF. Colección General
999 ## - NÚMEROS DE CONTROL DE SISTEMA (KOHA)
-- DEWEY
-- 34373
-- 2015-10-16
-- 2019-12-11
-- 4
-- DISCARD
-- BUL
-- 1
-- 0
-- Y
-- BOOK
-- 2015-6-17
-- EDUCACION
-- UNKNOWN
-- COMPRA
-- .STAFF. Colección General
999 ## - NÚMEROS DE CONTROL DE SISTEMA (KOHA)
-- DEWEY
-- 34374
-- 2019-12-11
-- 4
-- DISCARD
-- BUL
-- 0
-- Y
-- BOOK
-- 2015-6-17
-- EDUCACION
-- UNKNOWN
-- COMPRA
-- .STAFF. Colección General
999 ## - NÚMEROS DE CONTROL DE SISTEMA (KOHA)
-- DEWEY
-- 34375
-- 2019-12-11
-- 4
-- DISCARD
-- BUL
-- 0
-- Y
-- BOOK
-- 2015-6-17
-- EDUCACION
-- UNKNOWN
-- COMPRA
-- .STAFF. Colección General
999 ## - NÚMEROS DE CONTROL DE SISTEMA (KOHA)
-- DEWEY
-- 34376
-- 2019-12-11
-- 4
-- DISCARD
-- BUL
-- 0
-- Y
-- BOOK
-- 2015-6-17
-- EDUCACION
-- UNKNOWN
-- COMPRA
-- .STAFF. Colección General
999 ## - NÚMEROS DE CONTROL DE SISTEMA (KOHA)
-- DEWEY
-- 34377
-- 2019-12-11
-- 4
-- DISCARD
-- BUL
-- 0
-- Y
-- BOOK
-- 2015-6-17
-- EDUCACION
-- UNKNOWN
-- COMPRA
-- .STAFF. Colección General
999 ## - NÚMEROS DE CONTROL DE SISTEMA (KOHA)
-- DEWEY
-- 34378
-- 2019-12-11
-- 4
-- DISCARD
-- BUL
-- 0
-- Y
-- BOOK
-- 2015-6-17
-- EDUCACION
-- UNKNOWN
-- COMPRA
-- .STAFF. Colección General
999 ## - NÚMEROS DE CONTROL DE SISTEMA (KOHA)
-- DEWEY
-- 34379
-- 2019-12-11
-- 4
-- DISCARD
-- BUL
-- 0
-- Y
-- BOOK
-- 2015-6-17
-- EDUCACION
-- UNKNOWN
-- COMPRA
-- .STAFF. Colección General
999 ## - NÚMEROS DE CONTROL DE SISTEMA (KOHA)
-- DEWEY
-- 34380
-- 2021-11-5
-- 5
-- CCODEBUL1
-- BUL
-- 0
-- Y
-- BOOK
-- 2015-6-17
-- BIBLIOTECA
-- UNKNOWN
-- COMPRA
-- .STAFF. Colección General
999 ## - NÚMEROS DE CONTROL DE SISTEMA (KOHA)
-- DEWEY
-- 34381
-- 2021-11-5
-- 5
-- CCODEBUL1
-- BUL
-- 0
-- Y
-- BOOK
-- 2015-6-17
-- BIBLIOTECA
-- UNKNOWN
-- COMPRA
-- .STAFF. Colección General
999 ## - NÚMEROS DE CONTROL DE SISTEMA (KOHA)
-- DEWEY
-- 34382
-- 2021-11-5
-- 5
-- CCODEBUL1
-- BUL
-- 0
-- Y
-- BOOK
-- 2015-6-17
-- BIBLIOTECA
-- UNKNOWN
-- COMPRA
-- .STAFF. Colección General
999 ## - NÚMEROS DE CONTROL DE SISTEMA (KOHA)
-- DEWEY
-- 04494
-- LOST
-- BUL
-- 0
-- Y
-- BOOK
-- 2015-6-17
-- EDUCACION
-- UNKNOWN
-- COMPRA
-- .STAFF. Colección General
999 ## - NÚMEROS DE CONTROL DE SISTEMA (KOHA)
-- DEWEY
-- 04495
-- ILL
-- BUL
-- 0
-- Y
-- BOOK
-- 2015-6-17
-- EDUCACION
-- UNKNOWN
-- COMPRA
-- .STAFF. Colección General
999 ## - NÚMEROS DE CONTROL DE SISTEMA (KOHA)
-- DEWEY
-- 04496
-- ILL
-- BUL
-- 0
-- Y
-- BOOK
-- 2015-6-17
-- EDUCACION
-- UNKNOWN
-- COMPRA
-- .STAFF. Colección General
999 ## - NÚMEROS DE CONTROL DE SISTEMA (KOHA)
-- DEWEY
-- 04498
-- ILL
-- BUL
-- 0
-- Y
-- BOOK
-- 2015-6-17
-- EDUCACION
-- UNKNOWN
-- COMPRA
-- .STAFF. Colección General
999 ## - NÚMEROS DE CONTROL DE SISTEMA (KOHA)
-- DEWEY
-- FT00855
-- 2019-2-20
-- 1
-- CCODEBUT1
-- BUT
-- 10.00
-- 0
-- Y
-- BOOK
-- 2016-2-9
-- BIBLIOTECA
-- UNKNOWN
-- DONACION
-- .STAFF. Colección General
999 ## - NÚMEROS DE CONTROL DE SISTEMA (KOHA)
-- DEWEY
-- FT00092
-- 2019-2-20
-- 1
-- CCODEBUT1
-- BUT
-- 10.00
-- 0
-- Y
-- BOOK
-- 2016-2-9
-- BIBLIOTECA
-- UNKNOWN
-- DONACION
-- .STAFF. Colección General
980 ## - EQUIVALENCIA O REFERENCIA-CRUZADA-MENCIÓN DE SERIE--NOMBRE DE PERSONA/TÍTULO [LOCAL, CANADÁ]
ID del último usuario que modificó el registro 1
Nombre del último usuario que modificó el registro ALBERTO SANCHEZ Responsable de Automatización
Existencias
Visto por última vez Número de inventario Total de préstamos Signatura topográfica completa Código de barras Copia número Coste, precio de reemplazo Fecha de reemplazo Facultad Tipo de ítem Koha Nota pública Estado de pérdida Fuente del sistema de clasificación o colocación Restricciones de uso No para préstamo Colección Programa académico Biblioteca de origen Biblioteca actual Ubicación en estantería Fecha de adquisición Fuente de adquisición Coste, precio normal de compra
2022-07-06 4   783.09 M32 34372 e4 15.00 2015-06-17 FACIHED Libros físicos perdido o baja hasta el 2023-12-13 Perdido Clasificación Decimal Dewey Restringido No disponible para préstamos Colección General Educación musical y artes Biblioteca CRAI UPeU Lima Biblioteca CRAI UPeU Lima Sala principal 2015-06-17 COMPRA 10.00
2025-12-03 6   783.09 M32 34380 e12   2015-06-17 FACIHED Libros físicos inventario-2023-12-13 No Perdido Clasificación Decimal Dewey No restringido Disponible para préstamos Colección General Educación musical y artes Biblioteca CRAI UPeU Lima Biblioteca CRAI UPeU Lima Sala principal 2015-06-17 COMPRA  
2025-12-03 2   783.09 M32 34381 e13   2015-06-17 FACIHED Libros físicos inventario-2023-12-13 No Perdido Clasificación Decimal Dewey No restringido Disponible para préstamos Colección General Educación musical y artes Biblioteca CRAI UPeU Lima Biblioteca CRAI UPeU Lima Sala principal 2015-06-17 COMPRA  
2025-12-03 2   783.09 M32 34382 e14   2015-06-17 FACIHED Libros físicos inventario-2023-12-13 No Perdido Clasificación Decimal Dewey No restringido Disponible para préstamos Colección General Educación musical y artes Biblioteca CRAI UPeU Lima Biblioteca CRAI UPeU Lima Sala principal 2015-06-17 COMPRA  
2022-07-06     783.09 M32 04494 e15   2015-06-17 FACIHED Libros físicos perdido o baja hasta el 2023-12-13 Perdido Clasificación Decimal Dewey Restringido No disponible para préstamos Colección General Educación musical y artes Biblioteca CRAI UPeU Lima Biblioteca CRAI UPeU Lima Sala principal 2015-06-17 COMPRA